The analysis and use of financial statements / (Record no. 643)
[ view plain ]
| 000 -LEADER | |
|---|---|
| fixed length control field | 02294cam a2200445 a 4500 |
| 003 - CONTROL NUMBER IDENTIFIER | |
| control field | OSt |
| 005 - DATE AND TIME OF LATEST TRANSACTION | |
| control field | 20210616080559.0 |
| 008 - FIXED-LENGTH DATA ELEMENTS--GENERAL INFORMATION | |
| fixed length control field | 930610s1994 nyua b 001 0 eng |
| 020 ## - INTERNATIONAL STANDARD BOOK NUMBER | |
| International Standard Book Number | 0471584703 |
| 020 ## - INTERNATIONAL STANDARD BOOK NUMBER | |
| International Standard Book Number | 9780471584704 |
| 020 ## - INTERNATIONAL STANDARD BOOK NUMBER | |
| International Standard Book Number | 0471599727 |
| 020 ## - INTERNATIONAL STANDARD BOOK NUMBER | |
| International Standard Book Number | 9780471599722 |
| 020 ## - INTERNATIONAL STANDARD BOOK NUMBER | |
| Canceled/invalid ISBN | 0471024198 |
| 040 ## - CATALOGING SOURCE | |
| Transcribing agency | DLC |
| 050 00 - LIBRARY OF CONGRESS CALL NUMBER | |
| Classification number | HF5681 |
| Item number | .B2 W4678 1994 |
| 084 ## - OTHER CLASSIFICATION NUMBER | |
| Classification number | 85.25 |
| Number source | bcl |
| 084 ## - OTHER CLASSIFICATION NUMBER | |
| Classification number | QP 827 |
| Number source | rvk |
| 100 1# - MAIN ENTRY--PERSONAL NAME | |
| Personal name | White, Gerald I. |
| 245 14 - TITLE STATEMENT | |
| Title | The analysis and use of financial statements / |
| Statement of responsibility, etc. | Gerald I. White, Ashwinpaul C. Sondhi, Dov Fried. |
| 260 ## - PUBLICATION, DISTRIBUTION, ETC. | |
| Place of publication, distribution, etc. | New York : |
| Name of publisher, distributor, etc. | Wiley, |
| Date of publication, distribution, etc. | c1994. |
| 300 ## - PHYSICAL DESCRIPTION | |
| Extent | xvii, 1198 p. : |
| Other physical details | ill. ; |
| Dimensions | 25 cm. |
| 504 ## - BIBLIOGRAPHY, ETC. NOTE | |
| Bibliography, etc. note | Includes bibliographical references (p. 1173-1183) and index. |
| 650 #0 - SUBJECT ADDED ENTRY--TOPICAL TERM | |
| Topical term or geographic name entry element | Financial statements. |
| 700 1# - ADDED ENTRY--PERSONAL NAME | |
| Personal name | Sondhi, Ashwinpaul C. |
| 700 1# - ADDED ENTRY--PERSONAL NAME | |
| Personal name | Fried, Dov. |
| 776 08 - ADDITIONAL PHYSICAL FORM ENTRY | |
| Relationship information | Online version: |
| Main entry heading | White, Gerald I. |
| Title | Analysis and use of financial statements. |
| Place, publisher, and date of publication | New York : Wiley, c1994 |
| Record control number | (OCoLC)762245775 |
| 856 41 - ELECTRONIC LOCATION AND ACCESS | |
| Uniform Resource Identifier | http://digitool.hbz-nrw.de:1801/webclient/DeliveryManager?pid=1216903&custom%5Fatt%5F2=simple%5Fviewer |
| 856 42 - ELECTRONIC LOCATION AND ACCESS | |
| Uniform Resource Identifier | http://www.gbv.de/dms/hbz/toc/ht005059810.pdf |
| 910 ## - USER-OPTION DATA (OCLC) | |
| User-option data | 4708503 |
| 942 ## - ADDED ENTRY ELEMENTS (KOHA) | |
| Source of classification or shelving scheme | |
| Koha item type | Book |
| Suppress in OPAC | SO |
| Withdrawn status | Lost status | Source of classification or shelving scheme | Damaged status | Not for loan | Permanent Location | Current Location | Shelving location | Date acquired | Total Checkouts | Full call number | Barcode | Date last seen | Price effective from | Koha item type | Public note |
|---|---|---|---|---|---|---|---|---|---|---|---|---|---|---|---|
| AU LIBRARY | AU LIBRARY | Open Shelf | 16.06.2021 | HF5681 .B2 W4678 1994 | 28002773 | 16.06.2021 | 16.06.2021 | Book | SO |